Տօնացոյց / (Record no. 180089)
[ view plain ]
| 000 -LEADER | |
|---|---|
| fixed length control field | 01799nam a2200253 a 4500 |
| 001 - CONTROL NUMBER | |
| control field | 000489092 |
| 003 - CONTROL NUMBER IDENTIFIER | |
| control field | AM-YeHGA |
| 005 - DATE AND TIME OF LATEST TRANSACTION | |
| control field | 20250618072624.0 |
| 008 - FIXED-LENGTH DATA ELEMENTS--GENERAL INFORMATION | |
| fixed length control field | 060306s1915 ai 000 | arm d |
| 040 ## - CATALOGING SOURCE | |
| Original cataloging agency | AM-YeHGA |
| 041 0# - LANGUAGE CODE | |
| Language code of text/sound track or separate title | arm |
| 090 ## - LOCALLY ASSIGNED LC-TYPE CALL NUMBER (OCLC); LOCAL CALL NUMBER (RLIN) | |
| -- | 181539 |
| 245 00 - TITLE STATEMENT | |
| Title | Տօնացոյց / |
| Statement of responsibility, etc. | Սկզբնաւորեալ ի Սրբոյ Լուսաւորչէն մերմէ ի սկզբան լուսաւորութեան ազգիս հայոց եւ կարգաւորեալ սրբոյն Սահակայ Պարթեւի եւ երանեալ հայրապետացն մերոց Գիւտոյ եւ Յովհաննու Մանդակունոյ եւ հուսկ ապա Ս.Ներսիսի Շնորհալւոյ իսկ յետ ժամանակաց ի Ս.Աթոռն Էջմիածին Տ. Սիմէօնի Հայոց Կաթուղիկոսի. |
| 250 ## - EDITION STATEMENT | |
| Edition statement | Դ. տպագր. |
| 260 ## - PUBLICATION, DISTRIBUTION, ETC. | |
| Place of publication, distribution, etc. | Յերուսաղէմ : |
| Name of publisher, distributor, etc. | տպ. Առաքելական աթոռոյ Ս. Յակովբեանց, |
| Date of publication, distribution, etc. | 1915. |
| 300 ## - PHYSICAL DESCRIPTION | |
| Extent | Հ. ; |
| Dimensions | 16 սմ. |
| 505 00 - FORMATTED CONTENTS NOTE | |
| Miscellaneous information | Հ. 1 (1915, 290 էջ, նկ.) : |
| Title | Յորում նշանակին տօնք եւ պահք, ընթերցուածք եւ արարողութիւնք Հայաստանեայց Ս. եկեղեցւոյ |
| Miscellaneous information | Հ. 2 (1915, (291-562) էջ, աղյս.) : |
| Title | Որ է քանոն եւ կառավարիչ առաջնոյ հատորին : Յօրինեալ երեսուն եւ վեց խորանօք ի վերայ երեսուն եւ վեց հայկական տառից |
| 650 14 - SUBJECT ADDED ENTRY--TOPICAL TERM | |
| Topical term or geographic name entry element | Տոնացույց |
| 9 (RLIN) | 5148 |
| 700 0# - ADDED ENTRY--PERSONAL NAME | |
| Personal name | Գրիգոր Լուսաւորիչ. |
| 9 (RLIN) | 4715 |
| 700 0# - ADDED ENTRY--PERSONAL NAME | |
| Personal name | Գիւտ Մանդակունի |
| 700 0# - ADDED ENTRY--PERSONAL NAME | |
| Personal name | Հովհան Մանդակունի |
| Dates associated with a name | 403-490 |
| 700 0# - ADDED ENTRY--PERSONAL NAME | |
| Personal name | Ներսես Շնորհալի, |
| Dates associated with a name | 1100-1173 |
| 9 (RLIN) | 3346 |
| 700 0# - ADDED ENTRY--PERSONAL NAME | |
| Personal name | Սիմեոն Երևանցի, |
| Titles and other words associated with a name | Ամենայն հայոց կաթողիկոս, |
| Dates associated with a name | 1710-1780 |
| 9 (RLIN) | 903 |
| Withdrawn status | Lost status | Damaged status | Not for loan | Collection | Home library | Current library | Date acquired | Serial enumeration / chronology | Total checkouts | Full call number | Barcode | Date last seen | Price effective from | Koha item type | Public note |
|---|---|---|---|---|---|---|---|---|---|---|---|---|---|---|---|
| General | Fundamental Scientific Library | Fundamental Scientific Library | 28/12/2016 | 1 | AI/7528 | FL0044485 | 28/12/2016 | 28/12/2016 | Գրքեր / Books | 30 Days Loan |
ՀՀ Գիտությունների ազգային ակադեմիայի հիմնարար գիտական գրադարան = Fundamental Scientific Library of NAS RA
All site content, except where otherwise noted, is licensed under a